000 00310nam a22001337a 4500
008 181102b xxu||||| |||| 00| 0 eng d
020 _a9780495127352
041 _aeng
080 _a316
100 _a50
101 _aSOC
245 _aIntroduction To Social Social Welfare
_cKaren.K.K
942 _2udc
_cBK
999 _c51712
_d51712